=LDR 00000nam 2200000 4500 =001 INLIS000000000038277 =005 20200224075757 =035 ##$$a 0010-061300000038277 =008 200224################g##########0#ind## =041 ##$$a Ind =082 ##$$a 028.418 =090 ##$$a 028.418, Wan m =100 ##$$a Wang, Efendi =245 1#$$a Membongkar Rahasia Teknik Baca Super Cepat, /$c Wang, Efendi =260 ##$$a Jakarta,$c 2011 =300 ##$$a 147 hlm, : $b Ilus. ; $c 14 x 20 cm =650 #4$$a Teknik Membaca =700 #$$a Suryatman =850 ##$$a NBPNMAT =020 ##$$a 978-602-8661-46-1 =084 ##$$a 028.418 WAN m =250 ##$$a Cet.1 =990 ##$$a 21110748